Представление документа в формате MARC21

Поле Инд. ПП Название Значение
Тип записи a
Библиографический уровень m
001 Контрольный номер bd64d056a6d1486a9cbf89f722d8b394
005 Дата корректировки 20210218201627.9
008 Кодируемые данные 210218s1974 ru |||||||||||000|||rus|d
040 a Служба первич. каталог. ЦГБ г. В. Луки
b Код языка каталог. rus
041 0_ a Код языка текста rus
084 2 Источник индекса rubbk
a Индекс другой классификации/Индекс ББК 65.9(2)
090 x Авторский знак М 86
j Имя библиотеки ЦГБ г. В. Луки
097 b Оператор КЕИ-р
100 1_ a Автор Мочалин Ф. И.
245 10 a Заглавие Экономические знания - в массы
c Ответственность Ф. И. Мочалин
260 a Место издания Москва
b Издательство Политиздат
c Дата издания 1974
300 a Объем 111 с.
650 14 a Основная рубрика Экономическое образование
653 1_ a Ключевые слова экономическое образование
901 t Тип документа m